Đạo xử thế = Lã Thị Xuân Thu

সংরক্ষণ করুন:
গ্রন্থ-পঞ্জীর বিবরন
প্রধান লেখক: Lã Bất Vi
বিন্যাস: গ্রন্থ
ভাষা:Undetermined
প্রকাশিত: Cà Mau Mũi Cà Mau 2003
বিষয়গুলি:
ট্যাগগুলো: ট্যাগ যুক্ত করুন
কোনো ট্যাগ নেই, প্রথমজন হিসাবে ট্যাগ করুন!
Thư viện lưu trữ: Trung tâm Học liệu Trường Đại học Cần Thơ
LEADER 00597nam a2200205Ia 4500
001 CTU_58374
008 210402s9999 xx 000 0 und d
020 |b 30000 
082 |a 158.2 
082 |b V300 
100 |a Lã Bất Vi 
245 0 |a Đạo xử thế = 
245 0 |b Lã Thị Xuân Thu 
245 0 |c Lã Bất Vi; Trí Tuệ biên dịch 
260 |a Cà Mau 
260 |b Mũi Cà Mau 
260 |c 2003 
650 |a social interaction,psychology, applied,interpersonal relations 
904 |i Minh 
980 |a Trung tâm Học liệu Trường Đại học Cần Thơ